Statistics for All Highway Exits on A2 (Italy)

Click here to take the quiz!

General Stats

  • This quiz has been taken 4 times
  • The average score is 3 of 44

Answer Stats

RegionExit% Correct
CampaniaMontecorvino Pugliano/Pontecagnano sud
100%
CampaniaBattipaglia
33%
CalabriaCosenza sud
33%
CampaniaEboli
33%
CalabriaPalmi
33%
CalabriaRende/Cosenza nord
33%
CalabriaSan Onofrio/Vibo Valentia
33%
CalabriaVilla San Giovanni
33%
CalabriaAltilia/Grimaldi
0%
CalabriaAltomonte
0%
CampaniaAtena Lucana
0%
CalabriaBagnara Calabra
0%
CampaniaBaronissi sud
0%
CampaniaCampagna
0%
CalabriaCampotenese
0%
CampaniaContursi Terme/Postiglione
0%
CalabriaFalerna/Nocera Terinese
0%
CampaniaFisciano sud
0%
CalabriaFrascineto/Castrovillari
0%
CalabriaGerocarne/Soriano Calabro
0%
CalabriaGioia Tauro
0%
BasilicataLagonegro nord
0%
BasilicataLagonegro sud
0%
CalabriaLaino Borgo
0%
CampaniaLancusi/Baronissi nord
0%
BasilicataLauria nord
0%
BasilicataLauria sud
0%
CalabriaMileto
0%
CalabriaMontalto Uffugo/Rose
0%
CalabriaMorano Calabro
0%
CalabriaMormanno
0%
CampaniaPadula/Buonabitacolo
0%
CampaniaPetina
0%
CalabriaPizzo Calabro
0%
CampaniaPolla
0%
CalabriaRogliano
0%
CampaniaSala Consilina
0%
CalabriaSan Mango d’Aquino
0%
CampaniaSan Mango Piemonte
0%
CalabriaSanta Trada
0%
CalabriaScilla
0%
CalabriaTarsia nord/Spezzano Terme
0%
CalabriaTarsia sud
0%
CalabriaVazzano/Serra San Bruno
0%

Score Distribution

Percentile by Number Answered

Percent of People with Each Score

Your Score History

You have not taken this quiz